<?xml version="1.0" encoding="UTF-8"?>
<record
    xmlns:xsi="http://www.w3.org/2001/XMLSchema-instance"
    xsi:schemaLocation="http://www.loc.gov/MARC21/slim http://www.loc.gov/standards/marcxml/schema/MARC21slim.xsd"
    xmlns="http://www.loc.gov/MARC21/slim">

  <leader>01038nam a22002777i 4500</leader>
  <datafield tag="999" ind1=" " ind2=" ">
    <subfield code="c">172591</subfield>
    <subfield code="d">172591</subfield>
  </datafield>
  <controlfield tag="005">20190516144534.0</controlfield>
  <controlfield tag="008">190516r20171990ii a   j      000 f tam d</controlfield>
  <datafield tag="020" ind1=" " ind2=" ">
    <subfield code="a">9788183456272</subfield>
    <subfield code="q">paperback</subfield>
    <subfield code="c">RM15.00</subfield>
  </datafield>
  <datafield tag="040" ind1=" " ind2=" ">
    <subfield code="a">PPAK</subfield>
    <subfield code="b">eng</subfield>
    <subfield code="c">PPAK</subfield>
    <subfield code="e">rda</subfield>
  </datafield>
  <datafield tag="082" ind1="0" ind2="4">
    <subfield code="a">398.2</subfield>
    <subfield code="2">23</subfield>
  </datafield>
  <datafield tag="090" ind1="0" ind2="0">
    <subfield code="a">398.2</subfield>
    <subfield code="b">THA</subfield>
    <subfield code="d">K</subfield>
  </datafield>
  <datafield tag="100" ind1="0" ind2=" ">
    <subfield code="6">880-01</subfield>
    <subfield code="a">Tharasan,</subfield>
    <subfield code="e">author.</subfield>
  </datafield>
  <datafield tag="245" ind1="1" ind2="0">
    <subfield code="6">880-02</subfield>
    <subfield code="a">AALAVUDINUM ATHISAYA VILAKKUM /</subfield>
    <subfield code="c">Tharasan</subfield>
  </datafield>
  <datafield tag="250" ind1=" " ind2=" ">
    <subfield code="a">Seventh Edition.</subfield>
  </datafield>
  <datafield tag="264" ind1=" " ind2="1">
    <subfield code="6">880-03</subfield>
    <subfield code="a">Chennai :</subfield>
    <subfield code="b">Kavitha Publication,</subfield>
    <subfield code="c">2017</subfield>
  </datafield>
  <datafield tag="300" ind1=" " ind2=" ">
    <subfield code="a">136 pages :</subfield>
    <subfield code="b">illustrations ;</subfield>
    <subfield code="c">18 cm</subfield>
  </datafield>
  <datafield tag="336" ind1=" " ind2=" ">
    <subfield code="2">rdacontent</subfield>
    <subfield code="a">text</subfield>
  </datafield>
  <datafield tag="337" ind1=" " ind2=" ">
    <subfield code="2">rdamedia</subfield>
    <subfield code="a">unmediated</subfield>
  </datafield>
  <datafield tag="338" ind1=" " ind2=" ">
    <subfield code="2">rdacarrier</subfield>
    <subfield code="a">volume</subfield>
  </datafield>
  <datafield tag="650" ind1="1" ind2="0">
    <subfield code="a">Folklore </subfield>
    <subfield code="v">Juvenile literature</subfield>
  </datafield>
  <datafield tag="650" ind1="2" ind2="0">
    <subfield code="a">Tales </subfield>
    <subfield code="v">Juvenile literature</subfield>
  </datafield>
  <datafield tag="880" ind1="0" ind2=" ">
    <subfield code="6">100-01</subfield>
    <subfield code="a">&#xBA4;&#xBB0;&#xBBE;&#xB9A;&#xBA9;&#xBCD;,  </subfield>
    <subfield code="e">author.</subfield>
  </datafield>
  <datafield tag="880" ind1="1" ind2="0">
    <subfield code="6">245-02</subfield>
    <subfield code="a">&#xB85;&#xBB2;&#xBBE;&#xBB5;&#xBC1;&#xBA4;&#xBC0;&#xBA9;&#xBC1;&#xBAE;&#xBCD; &#xB85;&#xBA4;&#xBBF;&#xB9A;&#xBAF; &#xBB5;&#xBBF;&#xBB3;&#xB95;&#xBCD;&#xB95;&#xBC1;&#xBAE;&#xBCD; /</subfield>
    <subfield code="c">&#xBA4;&#xBB0;&#xBBE;&#xB9A;&#xBA9;&#xBCD; </subfield>
  </datafield>
  <datafield tag="880" ind1=" " ind2="1">
    <subfield code="6">264-03</subfield>
    <subfield code="a">&#xB9A;&#xBC6;&#xBA9;&#xBCD;&#xBA9;&#xBC8; :</subfield>
    <subfield code="b">&#xB95;&#xBB5;&#xBBF;&#xBA4;&#xBBE; &#xBAA;&#xBAA;&#xBCD;&#xBB3;&#xBBF;&#xB95;&#xBC7;&#xBB7;&#xBA9;&#xBCD;, </subfield>
    <subfield code="c">2016</subfield>
  </datafield>
  <datafield tag="942" ind1=" " ind2=" ">
    <subfield code="2">ddc</subfield>
    <subfield code="c">B</subfield>
  </datafield>
  <datafield tag="952" ind1=" " ind2=" ">
    <subfield code="0">0</subfield>
    <subfield code="7">0</subfield>
    <subfield code="b">PPAK</subfield>
    <subfield code="c">K</subfield>
    <subfield code="d">2019-05-29</subfield>
    <subfield code="o">K 398.2 THA</subfield>
    <subfield code="p">A01599424</subfield>
    <subfield code="r">2019-05-29 00:00:00</subfield>
    <subfield code="y">B</subfield>
  </datafield>
  <datafield tag="952" ind1=" " ind2=" ">
    <subfield code="0">0</subfield>
    <subfield code="7">0</subfield>
    <subfield code="b">KM</subfield>
    <subfield code="c">K</subfield>
    <subfield code="d">2019-05-29</subfield>
    <subfield code="l">3</subfield>
    <subfield code="o">K 398.2 THA</subfield>
    <subfield code="p">A01599425</subfield>
    <subfield code="r">2025-01-22 12:12:37</subfield>
    <subfield code="s">2024-12-31</subfield>
    <subfield code="y">B</subfield>
  </datafield>
</record>
